Online
Catalog

Reflexiones de lozanía : (Record no. 2917)

MARC details
000 -CABECERA
campo de control de longitud fija 01152cam a2200313 a 4500
001 - NÚMERO DE CONTROL
campo de control 000003086
003 - IDENTIFICADOR DEL NÚMERO DE CONTROL
campo de control DO-SdBNP
005 - FECHA Y HORA DE LA ÚLTIMA TRANSACCIÓN
campo de control 20210802085148.0
008 - DATOS DE LONGITUD FIJA--INFORMACIÓN GENERAL
campo de control de longitud fija 970318s1995 ve a b 001 e spa
020 ## - NÚMERO INTERNACIONAL ESTÁNDAR DEL LIBRO
Número Internacional Estándar del Libro 9802532622
040 ## - FUENTE DE LA CATALOGACIÓN
Centro catalogador/agencia de origen DO-SdBNP
Centro/agencia transcriptor BNPHU
Lengua de catalogación spa
082 ## - NÚMERO DE LA CLASIFICACIÓN DECIMAL DEWEY
Número de clasificación V864.44
Número de documento/Ítem C314r
100 1# - ENTRADA PRINCIPAL--NOMBRE DE PERSONA
Nombre de persona Carrera, Liduvina
9 (RLIN) 9733
245 10 - MENCIÓN DE TÍTULO
Título Reflexiones de lozanía :
Resto del título cinco ensayos de crítica literaria /
Mención de responsabilidad, etc. Liduvina Carrera ; editor, Alvaro Trujillo, Luis Lacave, Rafael León, José Pietrángelo, César Uzcátegui Mantilla, Luis Lares.
260 ## - PUBLICACIÓN, DISTRIBUCIÓN, ETC.
Lugar de publicación, distribución, etc. Venezuela :
Nombre del editor, distribuidor, etc. Fondo Toromaina,
Fecha de publicación, distribución, etc. 1995.
300 ## - DESCRIPCIÓN FÍSICA
Extensión 75 p. :
Otras características físicas il. ;
Dimensiones 21 cm.
490 1# - MENCIÓN DE SERIE
Mención de serie Dalmacia
504 ## - NOTA DE BIBLIOGRAFÍA, ETC.
Nota de bibliografía, etc. Incluye referencias bibliográficas y notas al pie de las páginas
650 14 - PUNTO DE ACCESO ADICIONAL DE MATERIA--TÉRMINO DE MATERIA
Término de materia o nombre geográfico como elemento de entrada Ensayos venezolanos
9 (RLIN) 4376
650 14 - PUNTO DE ACCESO ADICIONAL DE MATERIA--TÉRMINO DE MATERIA
Término de materia o nombre geográfico como elemento de entrada Crítica literaria
Subdivisión general Ensayos
9 (RLIN) 9734
700 1# - PUNTO DE ACCESO ADICIONAL--NOMBRE DE PERSONA
Nombre de persona Trujillo, Alvaro
Término indicativo de función/relación ed.
9 (RLIN) 9735
700 1# - PUNTO DE ACCESO ADICIONAL--NOMBRE DE PERSONA
Nombre de persona Lacave, Luis.
Término indicativo de función/relación ed.
9 (RLIN) 9736
700 1# - PUNTO DE ACCESO ADICIONAL--NOMBRE DE PERSONA
Nombre de persona León, Rafael.
Término indicativo de función/relación ed.
9 (RLIN) 9737
700 1# - PUNTO DE ACCESO ADICIONAL--NOMBRE DE PERSONA
Nombre de persona Pietrángelo, José
Término indicativo de función/relación ed.
9 (RLIN) 9738
700 1# - PUNTO DE ACCESO ADICIONAL--NOMBRE DE PERSONA
Nombre de persona Uzcátegui Mantilla, César.
Fechas asociadas al nombre 1965-
Término indicativo de función/relación ed.
9 (RLIN) 9739
700 1# - PUNTO DE ACCESO ADICIONAL--NOMBRE DE PERSONA
Nombre de persona Lares, Luis.
Término indicativo de función/relación ed.
9 (RLIN) 9740
830 #0 - PUNTO DE ACCESO ADICIONAL DE SERIE-TÍTULO UNIFORME
Título uniforme Dalmacia
9 (RLIN) 9741
942 ## - ELEMENTOS DE PUNTO DE ACCESO ADICIONAL (KOHA)
Fuente del sistema de clasificación o colocación Dewey Decimal Classification
Tipo de ítem Koha Libro
Holdings
Estado de retiro Estado de pérdida Restricciones de uso No para préstamo Código de colección Localización permanente Ubicación/localización actual Ubicación en estantería Fecha de adquisición Número de inventario Total de préstamos Signatura topográfica completa Código de barras Fecha visto por última vez Precio válido a partir de Tipo de ítem Koha Número de copia
    Préstamo interno   Monografías: Libros y Folletos General General En catalogación 06.07.2009 LF1   V864.44 C314r 3086-10 25.06.2020 25.06.2020 Préstamo interno  
    Préstamo restringido Préstamo restrigido Monografías: Libros y Folletos General General En catalogación 06.07.2009 LF1   V864.44 C314r 3086-20 25.06.2020 25.06.2020 Préstamo interno e.2
    Préstamo interno   Monografías: Libros y Folletos General General En catalogación 06.07.2009 LF1   V864.44 C314r 3086-30 25.06.2020 25.06.2020 Préstamo interno e.3

Powered by Koha